MARC

LEADER 00000nlm0a2200000 4500
001 280755
005 20231101235333.0
010 |a 9785769591396 
035 |a (RuTPU)RU\TPU\book\304312 
090 |a 280755 
100 |a 20150114d2012 m y0rusy50 ca 
101 0 |a rus 
102 |a RU 
105 |a y j 001zy 
135 |a vocna---uucaa 
181 0 |a i  
182 0 |a b 
200 1 |a Теория автоматического управления  |b Электронный ресурс  |e учебник в электронном формате  |f В. Ю. Шишмарев 
203 |a Текст  |c электронный 
210 |a Москва  |c Академия  |d 2012 
215 |a 1 Мультимедиа CD-ROM 
225 1 |a Высшее профессиональное образование. Бакалавриат 
225 1 |a Автоматизация и управление 
230 |a Мультимедиа ресурсы (10 директорий; 100 файлов; 740MB) 
320 |a Библиогр.: с. 346-347. 
333 |a Режим доступа: из корпоративной сети ТПУ 
337 |a Pentium 100 MHz, 16 Mb RAM, Windows 95/98/NT/2000, CDROM, SVGA, звуковая карта, Internet Explorer 5.0 и выше 
452 1 |0 (RuTPU)RU\TPU\book\242599  |y 978-5-7695-9139-6  |t Теория автоматического управления  |o учебник  |f В. Ю. Шишмарев  |c Москва  |n Академия  |d 2012  |p 352 с.  |s Высшее профессиональное образование. Автоматизация и управление  |a Шишмарев, Владимир Юрьевич 
606 1 |a Автоматическое управление  |x Теория  |2 stltpush  |3 (RuTPU)RU\TPU\subj\950  |9 29755 
610 1 |a понятия 
610 1 |a классификация 
610 1 |a САУ 
610 1 |a системы автоматического управления 
610 1 |a элементы 
610 1 |a типовые звенья 
610 1 |a линейные системы 
610 1 |a нелинейные системы 
610 1 |a синтез 
610 1 |a устойчивость 
610 1 |a случайные воздействия 
610 1 |a регуляторы 
610 1 |a линейные импульсные системы 
610 1 |a цифровые автоматические системы 
610 1 |a машиностроительное производство 
610 1 |a специальные виды 
610 1 |a человек-оператор 
610 1 |a объекты управления 
610 1 |a учебники 
610 1 |a CD-ROM 
675 |a 681.51.01(075.8)  |v 3 
700 1 |a Шишмарев  |b В. Ю.  |g Владимир Юрьевич 
801 1 |a RU  |b 63413507  |c 20150114 
801 2 |a RU  |b 63413507  |c 20150121  |g RCR 
856 4 0 |u http://www.lib.tpu.ru/fulltext2/m/2015/FN/fn-10.pdf 
942 |c CF